00689nam a2200205Ia 4500003000900000008004100009040001600050080001400066100002300080245009800103260004600201300000900247650001700256650002900273650002500302650001900327942000700346999001500353952011500368IN-BaIIA211028s9999 xx 000 0 eng d cIIA Library a58bROX-5 aRoxburgh, W910623 0aDrawings of Indian plants,FASC-5cW. Roxburgh  aCalcuttabBotanical Survey of Indiac1971 a52p. aBotany99995 aDrawings - plants910624 aIndian plants910625 aNASA thesaurus cBK c6145d6145 00104070aBANbBANcGENd1979-03-16g20.00l0o58/ ROX-5p6857r2021-11-05v20.00w1979-03-16yBKGRs. 20.00